Monografía de Magallanes: sesenta años de acción salesiana en el sur 1886-1946
Wedi'i Gadw mewn:
| Prif Awdur: | |
|---|---|
| Fformat: | Llyfr |
| Iaith: | Sbaeneg |
| Cyhoeddwyd: |
Punta Arenas, Chile
Don Bosco
1945
|
| Pynciau: | |
| Tagiau: |
Ychwanegu Tag
Dim Tagiau, Byddwch y cyntaf i dagio'r cofnod hwn!
|
MARC
| LEADER | 00000nam a2200000 a 4500 | ||
|---|---|---|---|
| 001 | UCO2601 | ||
| 003 | CL-VaPUC | ||
| 005 | 20211218074418.0 | ||
| 008 | 000608e19450000CL |||||||||||||||||spa|d | ||
| 999 | |c 289106 |d 289104 | ||
| 040 | |c Pontificia Universidad Católica de Valparaíso | ||
| 082 | 0 | 4 | |a 983.644 MAS 1945 |2 21 |
| 100 | |a Massa, Lorenzo |e autor |9 446009 | ||
| 245 | 1 | 0 | |a Monografía de Magallanes: |b sesenta años de acción salesiana en el sur 1886-1946 |
| 260 | |a Punta Arenas, Chile |b Don Bosco |c 1945 | ||
| 300 | |a 539 páginas | ||
| 500 | |a Recuerdo del Noveno Congreso Eucarístico de Magallanes, 6 al 10 de febrero de 1946 | ||
| 583 | |a last modification |c 20000608 00:00:00 |k Rodrigo Vera | ||
| 650 | 0 | |a Ciudades |z MAGALLANES |z PUNTA ARENAS |9 265474 | |
| 650 | 0 | |a Historia local |z MAGALLANES |z PUNTA ARENAS |9 266584 | |
| 650 | 7 | |a SALESIANOS |z MAGALLANES |z PUNTA ARENAS |9 857072 | |
| 650 | 0 | |a Descubrimientos geográficos |z MAGALLANES |9 331933 | |
| 650 | 0 | |a Colonización |z MAGALLANES |z PUNTA ARENAS |9 265172 | |
| 650 | 0 | |a Aborígenes |z MAGALLANES |z PUNTA ARENAS |9 329972 | |
| 650 | 0 | |a Desarrollo económico y social |z MAGALLANES |z PUNTA ARENAS |9 256320 | |
| 852 | |a BIBCUR | ||
| 942 | |c BK |2 ddc | ||
| 945 | |d 20000608 00:00:00 |a crobeson | ||
| 952 | |0 0 |1 0 |2 ddc |4 0 |6 983_644000000000000_MAS_1945 |7 0 |8 X |9 337267 |a BIBHIS |b BIBHIS |d 2019-11-20 |i 1293192 |o 983.644 MAS 1945 |p 1293192 |r 2024-01-30 |t 1 |w 2019-11-20 |y BK_X |k HIS | ||
| 952 | |0 0 |1 0 |2 ddc |4 0 |6 983_644000000000000_MAS_1945 |7 0 |8 X |9 337268 |a BIBHIS |b BIBHIS |d 2019-11-20 |i 1293206 |o 983.644 MAS 1945 |p 1293206 |r 2024-01-30 |t 2 |w 2019-11-20 |y BK_X |k HIS | ||
| 952 | |0 0 |1 0 |2 ddc |4 0 |6 983_644000000000000_MAS_1945 |7 0 |8 X |9 337269 |a FDOBUD |b FDOBUD |d 2019-11-20 |i 1031813 |o 983.644 MAS 1945 |p 1031813 |r 2019-11-20 |t 3 |w 2019-11-20 |y BK_X |k BUD | ||
| 952 | |0 0 |1 0 |2 ddc |4 0 |6 983_644000000000000_MAS_1945 |7 0 |8 X |9 337270 |a FDOBUD |b FDOBUD |d 2019-11-20 |i 1031821 |o 983.644 MAS 1945 |p 1031821 |r 2019-11-20 |t 4 |w 2019-11-20 |y BK_X |k BUD | ||
| 952 | |0 0 |1 0 |2 ddc |4 0 |6 983_644000000000000_MAS_1945 |7 0 |8 X |9 337271 |a FDOBUD |b FDOBUD |d 2019-11-20 |i 103183K |o 983.644 MAS 1945 |p 103183K |r 2019-11-20 |t 5 |w 2019-11-20 |y BK_X |k BUD | ||